00834nam a2200229 i 45000010005000000030009000050050017000140080041000310200018000720800021000900800021001111000042001322450087001742600064002613000034003254900024003597000030003838300032004138520022004459990015004679520122004829351ES-MaACL20230906145645.0930813s1987 sp ||||1| spa d a84-505-6513-8 a087.5:86-223"19" a86-223"19":087.51 aGarcía Domínguez, Ramón.95454810aTeatro del revés / cRamón García Domínguez ; canciones, Joaquín Díaz. aValladolid : bObra de la Caja de Ahorros Popular, c[1987] a78 p. : bil. col. ; c21 cm.1 aFuente dorada ; v51 aDíaz, Joaquín.9441291 aFuente dorada ; v59178442 aES-MaACLjL-16877 c9351d9351 00104070aATENEOMbATENEOMcDEPO2d2008-01-17eSCl0oL-16877p1009542r2023-02-23 00:00:00w2023-02-23yMONOGRAFIA